Statistiques concernant La Réponse est sur la carte de l'Europe

Cliquez ici pour prendre le quiz!

Statistiques générales

  • Ce quiz a été pris 1 695 fois
  • Le résultat moyen est 13 sur 20

Réponses sur la Carte

Les réponses sont colorées sur une échelle allant du rouge au vert en fonction du pourcentage des utilisateurs qui les ont devinées à leur premier essai. Vous pouvez retrouver ces pourcentages ci-dessous.
 

Statistiques - réponses

IndiceRéponse% Correct
PaysCuir très souple, aussi appelé daimSuède
94%
PaysCocktail: grenadine, limonade et bièreMonaco
91%
VilleTrois fois dixTrente
86%
RivièreSymbole de l'élément chimique du PoloniumPo
81%
RivièreBruit du petProut
81%
RégionPrénom slave porté par l'actuel président russeVladimir
80%
RivièreSituée à l'extrémité du brasMain
75%
ÎleIroquoise chez les punksCrète
70%
VilleUnité de pression ou lieu où l'on sert des bières pressionBar
68%
MontagnesGratte-ciel parisien "infernal"Mont Parnasse
67%
VilleActeur nommé Vincent qui joue dans La HaineCassel
66%
RégionElles sont montées à Cannes au bout du tapis rougeMarches
62%
VillePrénom ayant comme racine σοφία ou la sagesse en grecSofia
61%
VilleMatch entre deux clubs rivaux d'une même villeDerby
58%
VilleMatériau léger issu de l'écorce du chêneLiège
58%
MontagnesGâteau au chocolat fourré à la crème et au kirschForêt Noire
47%
RivièreLe plaisir et désir en sanskrit auquel est associé un SutraKama
46%
RégionFilm de Luc Besson appelé en anglais The ProfessionalLeon
42%
RégionMouvement artistique et mode de vie, qui voulait dire, on est heureuxBohême
34%
RivièreRoche sédimentaire, argile calcaireMarne
27%

Distribution des résultats

Percentile par nombre de réponses

% des personnes avec chaque résultat

Votre développement - résultats

Vous n’avez pas pris ce quiz